[Event "Peace Tournament 2019"]
[Site "Zagreb"]
[Date "2019.11.30"]
[Round "11.4"]
[White "Bacrot, Etienne"]
[Black "Dreev, Aleksey"]
[Result "1-0"]
[WhiteElo "2669"]
[BlackElo "2671"]
[Annotator "TA"]
[PlyCount "119"]
[EventDate "2019.11.19"]
[EventType "tourn"]
[EventCountry "CRO"]
[SourceTitle "playchess.com"]
[Source "ChessBase"]
[SourceQuality "1"]

{[%evp 10,119,30,18,20,19,25,31,23,0,104,114,94,101,112,88,104,101,100,76,79,82,93,81,96,103,103,103,221,91,103,93,91,91,98,98,98,98,103,104,100,105,106,106,101,102,98,91,91,91,113,112,147,142,146,148,143,131,153,153,153,170,156,154,144,147,209,0,129,0,208,199,224,127,266,266,266,266,263,227,293,290,244,242,383,374,173,180,997,1028,1398,1331,1716,1733,29952,29954,29975,29976,29977,29978,29978,29979,29979,29980,29980,29981,29976,29977,29982,29983,29984,29985]} 1. e4 c6 2. Nf3 d5 3. Nc3 Bg4 4. h3 Bxf3 5. Qxf3 e6 6. Be2 Bc5 {B11: Caro-Kann: Two Knights Variation} 7. O-O Nf6 8. Rd1 Bd4 {White is slightly better.} 9. Qf4 Nbd7 $146 (9... Bxc3 $11 10. bxc3 (10. dxc3 Nxe4 11. Be3 O-O $11) 10... Nxe4) ({Predecessor:} 9... e5 10. Qg3 dxe4 11. d3 exd3 12. Bxd3 Nbd7 13. Ne2 O-O 14. Bf5 Nc5 15. Bh6 Nh5 16. Qg4 Qd6 17. Qxh5 Qxh6 18. Qxh6 gxh6 19. c3 {1-0 (19) Vachier Lagrave,M (2775)-Navara,D (2734) Riga 2019}) 10. exd5 $16 {[%mdl 64] Discovered Attack} e5 11. Qf3 $36 {[%mdl 2048] White is on the roll.} Rc8 12. dxc6 $1 Rxc6 13. Bb5 Rb6 14. Qe2 a6 15. Bc4 O-O 16. d3 Nc5 17. Ne4 Ncxe4 18. dxe4 Nxe4 (18... Rd6 $16) 19. Be3 (19. Qxe4 $18 {is the precise move to win. aiming for Be3.} Bxf2+ 20. Kxf2 Qxd1 21. Bd3) 19... Nd6 20. Bxd4 exd4 21. Rxd4 Qf6 22. c3 Nxc4 23. Rxc4 g6 24. Rd1 Re6 25. Re4 Rfe8 26. Rxe6 Rxe6 {[%mdl 4096] Endgame KQR-KQR} 27. Qd3 Re8 28. b3 b5 29. c4 Qb6 30. Qc3 Qc5 31. Rd5 Qc6 32. Qd4 bxc4 33. bxc4 ({Much less strong is} 33. Qxc4 $6 Qxc4 34. bxc4 Re1+ 35. Kh2 Re2 $14) 33... Qc7 {[%cal Re8e1]} 34. g3 Qe7 35. c5 {And now c6 would win.} Qe4 36. Qd2 Qe1+ 37. Kg2 Qe4+ (37... Qxd2 $16 38. Rxd2 Kf8) 38. Kg1 Qe1+ $1 39. Kg2 (39. Qxe1 $16 Rxe1+ 40. Kg2) 39... Qe4+ $18 40. Kh2 Qe2 41. h4 (41. Qf4 $1 $18) 41... a5 (41... Qxd2 $16 42. Rxd2 Rc8) 42. c6 {Hoping for c7.} Qxd2 43. Rxd2 {c7 is the strong threat. KR-KR} Rc8 44. Rc2 $1 Kf8 {[#]} 45. g4 $1 Ke7 46. Kg3 Kd6 {[#]} (46... Rc7 $142 47. Rc5 Kd6 48. Rxa5 Kxc6) 47. Kf4 $1 {[%cal Rf4g5]} f6 (47... Kc7 $142 48. Kg5 Rd8) 48. g5 f5 $2 (48... fxg5+ 49. Kxg5 Rc7) 49. c7 a4 50. a3 Kd5 51. Ke3 Kd6 52. Kd4 {White mates.} f4 53. f3 Rxc7 54. Rxc7 Kxc7 {KP-KP} 55. Kc5 Kd7 56. Kb5 Kd6 57. Kxa4 Kc5 58. Kb3 Kd4 59. a4 {[%cal Ba3a4,Ba4a5][%mdl 32]} Ke3 60. a5 {Accuracy: White = 76%, Black = 47%.} 1-0

[Event "Peace Tournament 2019"]
[Site "Zagreb"]
[Date "2019.11.30"]
[Round "11.5"]
[White "Ragger, Markus"]
[Black "Zelcic, Robert"]
[Result "0-1"]
[WhiteElo "2669"]
[BlackElo "2526"]
[Annotator "ChessBase"]
[PlyCount "104"]
[EventDate "2019.11.19"]
[EventType "tourn"]
[EventCountry "CRO"]
[SourceTitle "playchess.com"]
[Source "ChessBase"]
[SourceQuality "1"]
[TimeControl "40/5400+30:1800+30"]

1. d4 {[%emt 0:00:30]} Nf6 {[%emt 0:00:30]} 2. c4 {[%emt 0:00:00]} e6 {[%emt 0:00:00]} 3. Nf3 {[%emt 0:00:00]} d5 {[%emt 0:00:00]} 4. g3 {[%emt 0:00:00]} dxc4 {[%emt 0:00:30]} 5. Bg2 {[%emt 0:00:00]} c5 {[%emt 0:00:00]} 6. O-O {[%emt 0:00:30]} Nc6 {[%emt 0:00:00]} 7. dxc5 {[%emt 0:00:00]} Qxd1 {[%emt 0:00:30]} 8. Rxd1 {[%emt 0:00:00]} Bxc5 {[%emt 0:00:00]} 9. Nbd2 {[%emt 0:00:00]} c3 {[%emt 0:00:00]} 10. bxc3 {[%emt 0:00:00]} O-O {[%emt 0:00:30]} 11. Nb3 {[%emt 0:00:30]} Be7 {[%emt 0:00:00]} 12. Nfd4 {[%emt 0:00:00]} Bd7 {[%emt 0:00:00]} 13. Nb5 {[%emt 0:00:00]} Rfd8 {[%emt 0:13:30]} 14. Nd6 {[%emt 0:17:30]} Be8 {[%emt 0:05:30]} 15. Bf4 {[%emt 0:09:30]} Bxd6 {[%emt 0:01:30]} 16. Rxd6 {[%emt 0:03:30]} Rxd6 {[%emt 0:04:30]} 17. Bxd6 {[%emt 0:00:30]} Rd8 {[%emt 0:00:30]} 18. Ba3 {[%emt 0:02:30]} b6 {[%emt 0:07:30]} 19. Rc1 {[%emt 0:11:30]} a5 {[%emt 0:07:30]} 20. Nd4 {[%emt 0:16:30]} Ne5 {[%emt 0:00:00]} 21. Rb1 {[%emt 0:07:30]} Nc4 {[%emt 0:04:00]} 22. Be7 {[%emt 0:00:30]} Rc8 {[%emt 0:01:30]} 23. Bxf6 {[%emt 0:02:30]} gxf6 {[%emt 0:00:30]} 24. Bb7 {[%emt 0:00:30]} Rc5 {[%emt 0:08:30]} 25. Ba6 {[%emt 0:03:30]} e5 {[%emt 0:00:30]} 26. Nf5 {[%emt 0:07:24]} Bd7 {[%emt 0:01:30]} 27. Bxc4 {[%emt 0:01:18]} Bxf5 {[%emt 0:00:30]} 28. Bd3 {[%emt 0:00:02]} e4 {[%emt 0:04:30]} 29. Ba6 {[%emt 0:00:12]} Rxc3 {[%emt 0:00:30]} 30. Kg2 {[%emt 0:04:50]} Ra3 {[%emt 0:05:30]} 31. Bc4 {[%emt 0:03:30]} Ra4 {[%emt 0:00:00]} 32. Bb3 {[%emt 0:03:01]} Rd4 {[%emt 0:03:00]} 33. e3 {[%emt 0:02:41]} Rd2 {[%emt 0:02:30]} 34. Bc4 {[%emt 0:00:04]} Rc2 {[%emt 0:00:30]} 35. Bb3 {[%emt 0:02:17]} Rd2 {[%emt 0:04:30]} 36. Bc4 {[%emt 0:00:22]} Bg4 {[%emt 0:00:30]} 37. Rxb6 {[%emt 0:00:33]} Bf3+ {[%emt 0:00:30]} 38. Kh3 {[%emt 0:00:03]} Rxf2 {[%emt 0:00:00]} 39. g4 {[%emt 0:00:29]} Be2 {[%emt 0:01:00]} 40. Rc6 {[%emt 0:00:00]} Kg7 {[%emt 0:00:00]} 41. Kg3 {[%emt 0:11:14]} Rf3+ {[%emt 0:10:00]} 42. Kg2 {[%emt 0:00:30]} Bxc4 {[%emt 0:00:30]} 43. Rxc4 {[%emt 0:00:30]} Rxe3 {[%emt 0:00:00]} 44. Ra4 {[%emt 0:00:00]} h5 {[%emt 0:00:00]} 45. gxh5 {[%emt 0:08:27]} f5 {[%emt 0:02:30]} 46. Rxa5 {[%emt 0:00:01]} f4 {[%emt 0:02:30]} 47. Rf5 {[%emt 0:00:24]} Re2+ {[%emt 0:01:30]} 48. Kf1 {[%emt 0:02:14]} f3 {[%emt 0:00:00]} 49. a4 {[%emt 0:00:02]} Rxh2 {[%emt 0:01:00]} 50. a5 {[%emt 0:00:07]} Ra2 {[%emt 0:00:00]} 51. Rf4 {[%emt 0:03:46]} Ra4 {[%emt 0:01:00]} 52. Kf2 {[%emt 0:00:55]} e3+ {[%emt 0:00:30]} 0-1

[Event "Peace Tournament 2019"]
[Site "Zagreb"]
[Date "2019.11.30"]
[Round "11.6"]
[White "Nisipeanu, Liviu-Dieter"]
[Black "Kozul, Zdenko"]
[Result "1/2-1/2"]
[WhiteElo "2656"]
[BlackElo "2593"]
[Annotator "ChessBase"]
[PlyCount "25"]
[EventDate "2019.11.19"]
[EventType "tourn"]
[EventCountry "CRO"]
[SourceTitle "playchess.com"]
[Source "ChessBase"]
[SourceQuality "1"]
[TimeControl "40/5400+30:1800+30"]

1. e4 {[%emt 0:00:30]} c5 {[%emt 0:00:30]} 2. Nf3 {[%emt 0:00:00]} d6 {[%emt 0:00:30]} 3. Bb5+ {[%emt 0:00:00]} Bd7 {[%emt 0:00:30]} 4. Bxd7+ {[%emt 0:00:30]} Nxd7 {[%emt 0:00:30]} 5. O-O {[%emt 0:00:00]} Ngf6 {[%emt 0:00:30]} 6. Qe2 {[%emt 0:00:00]} e6 {[%emt 0:01:30]} 7. c3 {[%emt 0:00:30]} Be7 {[%emt 0:00:30]} 8. d4 {[%emt 0:00:00]} cxd4 {[%emt 0:00:30]} 9. cxd4 {[%emt 0:00:00]} d5 {[%emt 0:00:00]} 10. e5 {[%emt 0:00:30]} Ne4 {[%emt 0:00:00]} 11. Nbd2 {[%emt 0:00:00]} Nxd2 {[%emt 0:01:30]} 12. Bxd2 {[%emt 0:00:00]} Nb8 {[%emt 0:01:30]} 13. Rac1 {[%emt 0:00:30]} 1/2-1/2